header

The global carbon cycle (Record no. 48218)

MARC details
000 -LEADER
fixed length control field 01530nam a22003734a 4500
082 04 - DEWEY DECIMAL CLASSIFICATION NUMBER
Classification number 363.738/746
245 04 - TITLE STATEMENT
Title The global carbon cycle
260 ## - PUBLICATION, DISTRIBUTION, ETC. (IMPRINT)
Place of publication Washington :
Name of publisher Island Press,
Year of publication c2004.
300 ## - PHYSICAL DESCRIPTION
Number of Pages xxiv, 526 p. :
Other physical details ill. (some col.), maps (some col.).
490 1# - SERIES STATEMENT
Series statement SCOPE ;
650 #0 - SUBJECT ADDED ENTRY--TOPICAL TERM
Topical Term Atmospheric carbon dioxide.
Topical Term Carbon cycle (Biogeochemistry)
Topical Term Greenhouse gas mitigation.
Topical Term Nature
700 1# - ADDED ENTRY--PERSONAL NAME
Personal name Field, Christopher B.
Personal name Raupach, M. R.
856 40 - ELECTRONIC LOCATION AND ACCESS
Uniform Resource Identifier http://site.ebrary.com/lib/rucke/Doc?id=10064684

No items available.

© 2026 Rongo University
Contact us: librarian | system librarian | Rongo university